00618nam a22002057a 450000500170000001000130001702000230003003500130005303700160006604000120008208200130009410000180010724500760012526000480020127000440024930000250029350000490031865000220036765000230038920170124105915.0 aA-991943 c700.00a8176291870 aA-991943 bCen Lib/Ret aDPLbEN a341bNIR aNirmal, B. C. aThe right to selef-detemination in international Law /cby B. C. Nirmal aNew DelhibDeep and Deep Publicationsc1999 aF-159, Rajouri GardenbCalcuttae110027 axiii,368p.c23cm(Hb) aincludes bibliographical reference and index aInternational Law aSelf-Determination